It looks like you're offline.
Open Library logo
additional options menu

MARC record from Internet Archive

LEADER: 01046cam 2200277 a 4500
001 87081353
003 DLC
005 19990716000000.0
008 870505s1988 miua j b 001 0 eng
010 $a 87081353
020 $a0934291233
040 $aDLC$cDLC$dDLC
042 $alcac
043 $an-us---
050 00 $aE162$b.H47 1988
082 00 $a973.2$220
100 1 $aHertel, Margaret Fisher.
245 10 $aColonial America :$bEnglish colonies /$cMargaret Fisher & Mary Jane Fowler.
260 $aGrand Rapids, Mich. :$bGateway Press,$cc1988.
300 $a128 p. :$bill. ;$c28 cm.
500 $a"A Fideler/Gateway story of America book."
500 $aIncludes index.
520 $aA social science textbook describing and contrasting the cultural and social development of American colonies in New England, the Middle Atlantic region, the South, and the West.
651 0 $aUnited States$xSocial life and customs$yTo 1775$xJuvenile literature.
651 1 $aUnited States$xSocial life and customs$yTo 1775.
700 1 $aFowler, Mary Jane.